000 00429nam a2200145Ia 4500
008 100122s9999 xx 000 0 und d
082 _b13729
_a823
100 _aफडके ना सी
245 _aप्रतिज्ञा
260 _bमॅजेस्टिक बुक स्टॉल
_c1942
300 _a263
630 _aप्रतिज्ञा
730 _aप्रतिज्ञा
942 _cBOOK
999 _c404463
_d404460